LEADER 01149nam a2200289 i 4500 001 991002172829707536 005 20020508191713.0 008 010514s1968 be ||| | ger 035 $ab10969950-39ule_inst 035 $aPARLA156642$9ExL 040 $aDip.to Filosofia$bita 082 0 $a193 100 1 $aKrug, Wilhelm Traugott$0220514 245 10$aBriefe über die Wissenschaftslehre :$bnebst einer Abhandlung über die von derselben versuchte Bestimmung des religiösen Glaubens /$cvon Willhelm Traugott Krug 260 $aBruxelles :$bCulture et civilisation,$c1968 300 $a138 p. ;$c18 cm. 490 0 $aAetas Kantiana ;$v154 500 $aTit. della cop.: Uber die Wissenschaftslehre 500 $aRipr. facs. dell'ed.: Leipzig, 1800 650 4$aKant, Immanuel 650 4$aReligione$xFilosofia 907 $a.b10969950$b23-02-17$c28-06-02 912 $a991002172829707536 945 $aLE005IF XLVII E 5$g1$iLE005IFA-2689$lle005$o-$pE0.00$q-$rl$s- $t0$u0$v0$w0$x0$y.i11080474$z28-06-02 996 $aBriefe über die Wissenschaftslehre$9864432 997 $aUNISALENTO 998 $ale005$b01-01-01$cm$da $e-$fger$gbe $h0$i1 LEADER 01267nam 2200337z- 450 001 9910689421603321 005 20161209101101.0 035 $a(CKB)5860000000019229 035 $a(BIP)007934213 035 $a(EXLCZ)995860000000019229 100 $a20220406c2001uuuu -u- - 101 0 $aeng 200 10$aClimate change and Balanced Energy Policy Act $ehearing before the Committee on Energy and Natural Resources, United States Senate, One Hundred Seventh Congress, first session on science and technology studies on climate change and S. 597, to provide for a comprehensive and balanced national energy policy, June 28, 2001 215 $a1 online resource (iii, 67 p.) $cill 311 $a0-16-066383-0 517 $aClimate change and Balanced Energy Policy Act 606 $aClimatic changes$zUnited States 606 $aEnergy policy$zUnited States 606 $aGlobal warming 610 $aClimatic changes 610 $aEnergy policy 610 $aGlobal warming 610 $aScience 610 $aPolitical science 615 0$aClimatic changes 615 0$aEnergy policy 615 0$aGlobal warming. 906 $aBOOK 912 $a9910689421603321 996 $aClimate change and Balanced Energy Policy Act$93146699 997 $aUNINA